| 000 | 00578cam a2200217 a 4500 | ||
|---|---|---|---|
| 001 | 13080975 | ||
| 005 | 20180824062629.0 | ||
| 008 | 030204s2004 mau 001 0 eng | ||
| 010 | _a 2003101699 | ||
| 020 | _a0312406851 (pbk.) | ||
| 035 | _a(DLC) 2003101699 | ||
| 040 |
_aDLC _cDLC _dDLC |
||
| 041 | _aeng | ||
| 080 | _a37 | ||
| 100 | 1 | _a47 | |
| 101 | _aedu | ||
| 245 | 1 | 0 |
_aRules for writers / _cDiana Hacker. |
| 906 |
_a7 _bcbc _corignew _d3 _eepcn _f20 _gy-gencatlg |
||
| 942 |
_2ddc _cBK |
||
| 999 |
_c47310 _d47310 |
||